Vydanie predfinálnej verzie štandardu pre malé a stredné podniky

V polovici mája 2009 vydala Rada pre medzinárodné účtovné štandardy predfinálnu verziu (near final draft) štandardu, ktorý sa zaoberá problematikou účtovníctva pre malé a stredné podniky.

Na minha lista:
Detalhes bibliográficos
Autor principal: Tumpach, Miloš, 1970-
Formato: Capítulo de Livro
Idioma:eslovaco
Assuntos:
Tags: Adicionar Tag
Sem tags, seja o primeiro a adicionar uma tag!

MARC

LEADER 00000nla$a2200000$$$4500
001 0128486
005 20240502072453.9
041 0 |a slo 
044 |a SK 
245 1 0 |a Vydanie predfinálnej verzie štandardu pre malé a stredné podniky  |c Miloš Tumpach 
520 |a V polovici mája 2009 vydala Rada pre medzinárodné účtovné štandardy predfinálnu verziu (near final draft) štandardu, ktorý sa zaoberá problematikou účtovníctva pre malé a stredné podniky. 
610 2 0 |a štandardy účtovné medzinárodné 
610 2 0 |a podnik malý 
610 2 0 |a podnik stredný 
100 1 |a Tumpach, Miloš, 1970-